| 000 | 01109nam a22003015a 4500 | ||
|---|---|---|---|
| 001 | 2078255 | ||
| 005 | 20180114110434.0 | ||
| 008 | 940321s2006 ii a frb 001 0 eng d | ||
| 020 | _a8181285107 | ||
| 035 | _a(OCoLC)30032293 | ||
| 040 |
_aUk _beng _cUk _dCU-S _dDLC _dEG-ScBUE |
||
| 041 | 1 |
_aeng _hslo |
|
| 082 | 0 | 4 |
_a621.38132 _bMIC _222 |
| 245 | 0 | 0 |
_aMicrowave integrated circuits / _c[edited by] I. Kneppo ... [et al.] ; translation, Miroslav Rakovic]. |
| 250 | _a1st Indian ed. | ||
| 260 |
_aBarakhamba Road, Ind. : _bSpringer (India) ; _aNew York : _bChapman & Hall and Ister Science Press Limited, _c2006. |
||
| 300 |
_axiv, 329 p. : _bill. ; _c25 cm. |
||
| 490 | 0 |
_aMicrowave technology ; _v8 |
|
| 500 | _aChapman & Hall and Ister Science Press Limited edition 1994. | ||
| 504 | _aIncludes bibliographical references and index. | ||
| 546 | _aText in English ; translated from original Slovak. | ||
| 650 | 7 |
_aMicrowave integrated circuits. _2BUEsh |
|
| 651 | _2BUEsh | ||
| 653 |
_bENGELC _cJanuary2018 |
||
| 700 | 1 | _aKneppo, Ivan. | |
| 700 | 1 |
_a Rakovic, Miroslav, _etranslator. |
|
| 942 | _2ddc | ||
| 999 |
_c25935 _d25907 |
||